000 00377 a2200157 4500
001 152189
040 _cEscola São Tomás de Aquino
100 _aAGUIAR, Luiz Antonio
240 1 0 _aMaravilhas das mil e umas noites
_lpor
245 1 0 _aMaravilhas das mil e umas noites
300 _a79
362 0 _a2007
440 1 _aFTD
697 _a*LITERATURA JUVENIL
942 _cBK
999 _c152189
_d152189